000 00601 a2200181 4500
999 _c183025
_d183025
005 20211215112933.0
010 _aENG-130316
020 _c1295.00
_a978-93-5388-659-2
035 _aEN-113848
037 _bDBAD / PUB
082 _a305.800954
245 _aIndia's Tribes Unfolding Realities:
_cEdited by Vinay Kumar Srivastava
250 _a2021
260 _bSage Publication India Pvt Ltd
_c2021
_aNew Delhi
270 _aB-1/i-i, Mohan Cooperative Industrial Area, Mathura Road
_bNew Delhi
_e110044
300 _a294p.
_c22cm (hbk)
942 _adpl
_cEN
_2ddc
_h305.800954
_mSRI